Κατάλογος Βιβλιοθηκών Mediterranean College

A Practical English Grammar / Fourth Edition (Record no. 4208)

MARC details
000 -LEADER
fixed length control field 01176cam a22002174a 4500
005 - ΗΜΕΡΟΜΗΝΙΑ ΚΑΙ ΩΡΑ ΤΕΛΕΥΤΑΙΑΣ ΕΝΗΜΕΡΩΣΗΣ
Πεδίο ελέγχου 20250605164139.0
008 - FIXED-LENGTH DATA ELEMENTS--GENERAL INFORMATION
Πεδίο ελέγχου σταθερού μήκους 250528s ||||||||||||||||||||||||d
035 ## - SYSTEM CONTROL NUMBER
System control number 18905
020 ## - ISBN
ISBN 194313425
040 ## - ΠΗΓΗ ΚΑΤΑΛΟΓΟΓΡΑΦΗΣΗΣ
Φορέας πρωτότυπης καταλογογράφησης MC Athens Campus Library
Γλώσσα καταλογογράφησης Ελληνικά, Μοντέρνα (1453-)
Modifying agency MC Athens Campus Library
Κανόνες περιγραφικής καταλογογράφησης AACR2
245 1# - ΤΙΤΛΟΣ ΚΑΙ ΔΗΛΩΣΗ ΥΠΕΥΘΥΝΟΤΗΤΑΣ
Τίτλος A Practical English Grammar / Fourth Edition
250 ## - EDITION STATEMENT
Edition statement 4th
260 ## - PUBLICATION, DISTRIBUTION, ETC.
Name of publisher, distributor, etc. Oxford University Press,
Date of publication, distribution, etc. 1989
300 ## - PHYSICAL DESCRIPTION
Extent 384
520 ## - SUMMARY, ETC.
Summary, etc. This book is popular because its explanations are clear and because it deals thoroughly with the topics which students find most difficult. Articles, Nouns, Adjectives, Adverbs, Interrogatives, Possessives and Personal and Reflexive Pronouns, Relative Pronouns and Clauses, Prepositions, Introduction to Verbs, The Auxiliaries Dare and Used, The Present Tenses, The Past and Perfect Tenses, The Future, The Sequence of Tenses, The Conditional, The Infinitive, The Gerund, Infinitive and Gerund Constructions, The Subjunctive, The Passive Voice, Indirect Speech, Conjuctions, Purpose, Noun Clauses, Phrasal Verbs, List of Irregular Verbs, Index.
700 1# - ΠΡΟΣΘΕΤΗ ΑΝΑΓΡΑΦΗ--ΦΥΣΙΚΟ ΠΡΟΣΩΠΟ
Personal name Martinet A. V
9 (RLIN) 5189
700 1# - ΠΡΟΣΘΕΤΗ ΑΝΑΓΡΑΦΗ--ΦΥΣΙΚΟ ΠΡΟΣΩΠΟ
Personal name Thomson A. J
9 (RLIN) 5190
942 ## - ADDED ENTRY ELEMENTS (KOHA)
Koha item type Books
Holdings
Τύπος τεκμηρίου Βιβλιοθήκη Τρέχουσα τοποθεσία Barcode Αριθμός εισαγωγής Ημερομηνία απόκτησης Ταξιθετικό σύμβολο Αριθμός αντιτύπου Κατάσταση απόσυρσης Κατάσταση χαμένου Κατάσταση κατεστραμμένου Μη δανεισμός Σύνολο δανεισμών Ημερομηνία τελευταίας εμφάνισης Η τιμή ισχύει από
Books MC Athens Campus Library MC Athens Campus Library 9780000042071 3826 05/06/2025 428.2 THO 1           05/06/2025 05/06/2025

MC Athens Campus Library
Πατησίων 94 & Κοδριγκτώνος 13, 104 34
Πελλήνης 8 & Πατησίων 107, 112 51
Τ: +30 210 8899600

MC Thessaloniki Campus Library
Ίωνος Δραγούμη 21, 54625 | Ίωνος Δραγούμη 15, 54625
Τ: +30 2310 287779 – Τ: +30 2314 440300